Marketing Management Risks of Online Business: Taxonomy, Verification and Assessment

Rozvoj online podnikania v kontexte digitálnej transformácie. Riziká marketingového manažmentu online podnikania v kontexte digitálnej transformácie. Implementácia nových prístupov k riešeniu podnikateľských problémov v dôsledku rozvoja digitálnej transformácie. Vyvíjanie a testovanie aplikovaných n...

ver descrição completa

Na minha lista:
Detalhes bibliográficos
Autor principal: Natorina, Alona
Outros Autores: Butko, Mykola
Formato: Capítulo de Livro
Idioma:inglês
Assuntos:
Tags: Adicionar Tag
Sem tags, seja o primeiro a adicionar uma tag!

MARC

LEADER 00000naa a2200000 4500
001 0287011
005 20220729105317.4
041 0 |a eng 
044 |a UA 
245 1 0 |a Marketing Management Risks of Online Business: Taxonomy, Verification and Assessment  |c Alona Natorina, Mykola Butko 
520 |a Rozvoj online podnikania v kontexte digitálnej transformácie. Riziká marketingového manažmentu online podnikania v kontexte digitálnej transformácie. Implementácia nových prístupov k riešeniu podnikateľských problémov v dôsledku rozvoja digitálnej transformácie. Vyvíjanie a testovanie aplikovaných nástrojov na efektívne riadenie rizík online podnikania. Eliminácia rizík online podnikania prostredníctvom vytvorenia inteligentného bezpečnostného IT systému. Online podnikanie ukrajinských maloobchodníkov. 
610 2 0 |a manažment 
610 2 0 |a marketing 
610 2 0 |a riziko 
610 2 0 |a riadenie rizík 
610 2 0 |a podnikanie elektronické 
610 2 0 |a transformácia digitálna 
610 2 0 |a Ukrajina 
100 1 |a Natorina, Alona 
700 1 |a Butko, Mykola